<?xml version="1.0" encoding="UTF-8"?>
<record
    xmlns:xsi="http://www.w3.org/2001/XMLSchema-instance"
    xsi:schemaLocation="http://www.loc.gov/MARC21/slim http://www.loc.gov/standards/marcxml/schema/MARC21slim.xsd"
    xmlns="http://www.loc.gov/MARC21/slim">

  <leader>01653nam a22002897a 4500</leader>
  <controlfield tag="001">BRCA_9306</controlfield>
  <controlfield tag="003">FranzMayer</controlfield>
  <controlfield tag="005">20230809144344.0</controlfield>
  <controlfield tag="008">230809b        |||||||| |||| 00| 0 eng d</controlfield>
  <datafield tag="040" ind1=" " ind2=" ">
    <subfield code="a">MFM</subfield>
    <subfield code="b">espa&#xF1;ol</subfield>
    <subfield code="c">MFM</subfield>
  </datafield>
  <datafield tag="050" ind1=" " ind2="0">
    <subfield code="a">BV4506</subfield>
    <subfield code="b">.S26 1725 (LM20)</subfield>
  </datafield>
  <datafield tag="100" ind1="1" ind2=" ">
    <subfield code="4">Autor</subfield>
    <subfield code="a">Sanchez, Manuel</subfield>
    <subfield code="9">29003</subfield>
  </datafield>
  <datafield tag="240" ind1=" " ind2=" ">
    <subfield code="a">Regla de N.S P S. Francisco </subfield>
    <subfield code="h">y breve declaraci&#xF3;n de sus preceptos para su mejor observancia y facil inteligencia con una instrucci&#xF3;n para los novicios de la religi&#xF3;n de N Padre San Francisco, y breve explicaci&#xF3;n del canto llano con otras advertencias curiosas y necesarias.</subfield>
    <subfield code="l">espa&#xF1;ol</subfield>
  </datafield>
  <datafield tag="245" ind1="0" ind2=" ">
    <subfield code="a">Regla de N.S P S. Francisco </subfield>
    <subfield code="b">y breve declaraci&#xF3;n de sus preceptos para su mejor observancia y f&#xE1;cil inteligencia con una instrucci&#xF3;n para los novicios de la religi&#xF3;n de N Padre San Francisco, y breve explicaci&#xF3;n del canto llano con otras advertencias curiosas y necesarias.</subfield>
  </datafield>
  <datafield tag="260" ind1=" " ind2=" ">
    <subfield code="a">M&#xE9;xico</subfield>
    <subfield code="b">Joseph Bernardo de Hogal, en el Puente del Espiritu Santo</subfield>
    <subfield code="c">1725</subfield>
  </datafield>
  <datafield tag="300" ind1=" " ind2=" ">
    <subfield code="a">78 p.</subfield>
    <subfield code="c">20 cm</subfield>
  </datafield>
  <datafield tag="500" ind1=" " ind2=" ">
    <subfield code="a">Contiene una oraci&#xF3;n suelta</subfield>
  </datafield>
  <datafield tag="500" ind1=" " ind2=" ">
    <subfield code="a">Fondo antiguo</subfield>
  </datafield>
  <datafield tag="500" ind1=" " ind2=" ">
    <subfield code="a">Ejemplar se encuentra en caja fuerte</subfield>
  </datafield>
  <datafield tag="500" ind1=" " ind2=" ">
    <subfield code="a">LM20</subfield>
  </datafield>
  <datafield tag="500" ind1=" " ind2=" ">
    <subfield code="a">Con cubierta dura</subfield>
  </datafield>
  <datafield tag="501" ind1=" " ind2=" ">
    <subfield code="a">Fondo reservado: para su consulta es necesario credencial de usuario y carta motivos.</subfield>
  </datafield>
  <datafield tag="505" ind1=" " ind2=" ">
    <subfield code="a">Texto en: espa&#xF1;olIncluye: &#xED;ndice tem&#xE1;ticoDirigido a: religiosos (cristianos), curas o cualquier persona perteneciente a la iglesia cat&#xF3;lica.</subfield>
  </datafield>
  <datafield tag="650" ind1="1" ind2=" ">
    <subfield code="2">Teolog&#xED;a</subfield>
    <subfield code="a">Teolog&#xED;a pr&#xE1;ctica</subfield>
    <subfield code="v">Religi&#xF3;n pr&#xE1;ctica</subfield>
    <subfield code="9">29004</subfield>
  </datafield>
  <datafield tag="651" ind1="2" ind2=" ">
    <subfield code="2">Vida cristiana</subfield>
    <subfield code="a">Trabajos generales</subfield>
    <subfield code="v">Espa&#xF1;ol y portugu&#xE9;s </subfield>
    <subfield code="9">29005</subfield>
  </datafield>
  <datafield tag="942" ind1=" " ind2=" ">
    <subfield code="2">lcc</subfield>
    <subfield code="c">B</subfield>
  </datafield>
  <datafield tag="999" ind1=" " ind2=" ">
    <subfield code="c">10927</subfield>
    <subfield code="d">10927</subfield>
  </datafield>
  <datafield tag="952" ind1=" " ind2=" ">
    <subfield code="0">0</subfield>
    <subfield code="1">0</subfield>
    <subfield code="2">lcc</subfield>
    <subfield code="4">0</subfield>
    <subfield code="7">0</subfield>
    <subfield code="8">LAR</subfield>
    <subfield code="a">BRCA</subfield>
    <subfield code="b">BRCA</subfield>
    <subfield code="d">2023-08-09</subfield>
    <subfield code="e">Donaci&#xF3;n</subfield>
    <subfield code="l">0</subfield>
    <subfield code="o">BV4506 .S26 1725 (LM20)</subfield>
    <subfield code="p">LAR00192</subfield>
    <subfield code="r">2023-08-09 00:00:00</subfield>
    <subfield code="w">2023-08-09</subfield>
    <subfield code="y">B</subfield>
  </datafield>
</record>
